| 000 | 00661nam a2200193Ia 4500 | ||
|---|---|---|---|
| 008 | 151121s9999||||xx |||||||||||||| ||und|| | ||
| 082 | _a080/टोळ | ||
| 082 | _bHNW-33792 | ||
| 100 | _a"टोळ द। श्री।, घारपुरे" | ||
| 245 | _aबालोद्यान | ||
| 260 | _b"शिरोळकर श्यामला, पुणे।" | ||
| 260 | _c-- | ||
| 300 | _a112 | ||
| 600 | _a"टोळ द। श्री।, घारपुरे" | ||
| 630 | _aबालोद्यान | ||
| 700 | _a"टोळ द। श्री।, घारपुरे" | ||
| 730 | _aबालोद्यान | ||
| 942 | _cBOOK | ||
| 999 |
_c1226904 _d1226901 |
||